000 01219cam a22003617a 4500
003 CHAP
005 20220329141658.0
008 971013s1977 r 00010 d
010 _a72086
011 _a73058
035 _a82615
040 _cCHAP
090 _aFolleto 4167 No. 29
110 _aCanada. Department of Agriculture
_918180
245 0 _aMigratory grasshopper
_b: Melanoplus sanguinipes (Fabricius)
260 _aOttawa :
_b(s.e.),
_c1977
300 _a2 p.
_b: ilus.
490 0 _aInsect identification sheet
_v; 29
501 _aEnc. con otros impresos similares
590 _aBATCH-UPD
_b10
_c20130110
_lUCH01
_h0240
590 _aBATCH-UPD
_b10
_c20130110
_lUCH01
_h1727
590 _aBATCH-UPD
_b10
_c20130409
_lUCH01
_h2307
590 _aBATCH-UPD
_b10
_c20130914
_lUCH01
_h0918
590 _aCONVERSION
_b10
_c20130109
_lUCH01
_h1339
650 1 4 _aChapulines.
_921941
650 1 4 _aInsectos
_xIdentificación.
_958929
650 1 4 _aMelanoplus sanguinipes.
_974309
830 0 _aInsect identification sheet
_v; 29
_958853
901 _aBK
942 _cFOLL
949 _aFolleto 4167
_bBC
_cESP
_d-131993
_eESP
_fNo.29 c.2
_i82615
_si
949 _aFolleto 4167
_bBC
_cESP
_d-36768
_eESP
_fNo.29
_i82615
_mD
_si
999 _c72086
_d72086